|
|
|
|
| LEADER |
00000cam a2200000 i 4500 |
| 001 |
1/100567 |
| 008 |
950418s1994####gr ||| | gre|| |
| 035 |
|
|
|l 10011746
|
| 040 |
|
|
|a GR-MyUa
|b gre
|e AACR2
|
| 041 |
0 |
|
|a gre
|
| 082 |
7 |
|
|a 306.409495
|2 (22)
|
| 100 |
1 |
|
|a Χατζηβασιλείου, Γιάννης Χρ.
|
| 245 |
1 |
0 |
|a Αναγνωστήριο " Η ανάπτυξη Αγιάσου" :
|b εκατό χρόνια δράσης (1894-1994) /
|c Γιάννη Χρ. Χατζηβασιλείου.
|
| 260 |
|
|
|a Αθήνα :
|b [χ. ε.],
|c 1994.
|
| 300 |
|
|
|a 31 σ.
|b εικ.
|
| 650 |
|
0 |
|a Community life
|z Greece
|z Hagiasos.
|
| 650 |
|
0 |
|a Dance companies
|z Greece
|z Hagiasos.
|
| 650 |
|
0 |
|a Theatrical companies
|z Greece
|z Hagiasos.
|
| 650 |
|
0 |
|a Libraries and institutions
|z Greece
|z Hagiasos.
|
| 650 |
|
0 |
|a Associations, institutions, etc.
|
| 651 |
|
0 |
|a Hagiasos (Greece)
|x Social life and customs.
|
| 852 |
|
|
|a INST
|b LESVOS
|e 19950418
|h 306.409495 ΧΑΤ
|p 005100001445
|q 005100001445
|t BK
|y 0
|
| 852 |
|
|
|a INST
|b LESVOS
|e 19950418
|h 306.409495 ΧΑΤ
|p 005100001454
|q 005100001454
|t BK
|y 0
|
| 852 |
|
|
|a INST
|b LESVOS
|e 19950418
|h 306.409495 ΧΑΤ
|p 005100001455
|q 005100001455
|t BK
|y 0
|
| 852 |
|
|
|a INST
|b LESVOS
|e 19960906
|h 306.409495 ΧΑΤ
|p 005100009630
|q 005100009630
|t BK
|y 0
|